The Complete Works Of Swami Vivekananda Vol. 3 (Record no. 345528)
[ view plain ]
| 000 -LEADER | |
|---|---|
| fixed length control field | 00503nam a2200181Ia 4500 |
| 008 - FIXED-LENGTH DATA ELEMENTS--GENERAL INFORMATION | |
| fixed length control field | 230718s9999 xx 000 0 und d |
| 020 ## - INTERNATIONAL STANDARD BOOK NUMBER | |
| International Standard Book Number | 9788175054110 |
| 041 ## - LANGUAGE CODE | |
| Language code of text/sound track or separate title | eng |
| 082 ## - DEWEY DECIMAL CLASSIFICATION NUMBER | |
| Classification number | 891.46'54 |
| Item number | ADV |
| 100 ## - MAIN ENTRY--PERSONAL NAME | |
| Personal name | Advaita Ashrama |
| 245 ## - TITLE STATEMENT | |
| Title | The Complete Works Of Swami Vivekananda Vol. 3 |
| Remainder of title | 150th Birth Anniversary Edition |
| 250 ## - EDITION STATEMENT | |
| Edition statement | 12th ed. |
| 260 ## - PUBLICATION, DISTRIBUTION, ETC. (IMPRINT) | |
| Date of publication, distribution, etc. | 2013 |
| Name of publisher, distributor, etc. | Advaita Ashrama |
| 300 ## - PHYSICAL DESCRIPTION | |
| Extent | 597 |
| 365 ## - TRADE PRICE | |
| Currency code | Rs. |
| Price amount | 62.50 |
| 700 ## - ADDED ENTRY--PERSONAL NAME | |
| Personal name | Advaita Ashrama |
| 906 ## - LOCAL DATA ELEMENT F, LDF (RLIN) | |
| d | O:0573003-Oct-2017 |
| c | GENRL |
| Withdrawn status | Lost status | Source of classification or shelving scheme | Damaged status | Not for loan | Home library | Current library | Date acquired | Vendor | Budget Code | Cost, normal purchase price | Total Checkouts | Full call number | Barcode | Date last seen | Date last checked out | Cost, replacement price | Bill Date | Koha item type | Original Barcode |
|---|---|---|---|---|---|---|---|---|---|---|---|---|---|---|---|---|---|---|---|
| Dewey Decimal Classification | Cummins College of Engineering for Women Pune | Cummins College of Engineering for Women Pune | 03/10/2017 | Maharshi Karve Stree Shikshan Samstha''s | GENRL | 62.50 | 4 | 891.46'54 | CCEP-BK-56735 | 21/03/2025 | 06/03/2025 | 62.50 | 18/07/2023 | Books | 056735 |